LEADER 00798nam0-22002891i-450- 001 990005656490403321 005 20101209121023.0 035 $a000565649 035 $aFED01000565649 035 $a(Aleph)000565649FED01 035 $a000565649 100 $a19990604d1933----km-y0itay50------ba 101 0 $aita 102 $aIT 105 $ay-------001yy 200 1 $a<>sviluppo spirituale dell'individuo$fRemo Fedi 210 $aMilano$cIstituto di Studi Psichici$d1933 215 $a223 p.$d20 cm 676 $a299.935 700 1$aFedi,$bRemo$0217829 801 0$aIT$bUNINA$gRICA$2UNIMARC 901 $aBK 912 $a990005656490403321 952 $a299.935 FED 1$bIst.st.fil. 5135$fFLFBC 959 $aFLFBC 996 $aSviluppo spirituale dell'individuo$9600876 997 $aUNINA LEADER 00936nam a2200253 i 4500 001 991001486539707536 008 111117s2011 it af 001 0 ita d 020 $a9788883346354 035 $ab14022187-39ule_inst 040 $aDip.to Studi Storici$bita 082 04$a327.450561 100 1 $aRicci, Giovanni$d<1950- >$0318723 245 10$aAppello al turco :$bi confini infranti del Rinascimento /$cGiovanni Ricci 260 $aRoma :$bViella,$c2011 300 $a182 p. ;$c21 cm. 440 0$aLa storia.$pTemi ;$v21 650 4$aItalia e Impero ottomano$y1453-1571 650 4$aCristianesimo e islamismo$y1453-1571 907 $a.b14022187$b28-01-14$c17-11-11 912 $a991001486539707536 945 $aLE023 327.45 RIC 2 1 $g1$i2023000131572$lle023$o-$pE20.00$q-$rl$s- $t0$u4$v2$w4$x0$y.i15352195$z28-11-11 996 $aAppello al turco$9243310 997 $aUNISALENTO 998 $ale023$b20-12-11$cm$da $e-$fita$git $h0$i0